000 00851cam a2200301 a 4500
001 15566103
003 OSt
005 20160409092227.0
008 081223s2009 nyu 000 1 eng
010 _a 2008944153
020 _a9780758211842
020 _a0758211848
040 _aSEKU
043 _an-us-ca
_an-us-la
050 0 0 _aPS 3560
_b.J3
082 0 0 _a813/.54
_222
100 1 _aJackson, Lisa.
245 1 0 _aMalice /
_cLisa Jackson.
260 _aNew York :
_bKensington Books,
_c2009.
300 _a424 p. ;
_c24 cm.
650 0 _aMontoya, Reuben (Fictitious character)
_vFiction.
650 0 _aSerial murders
_vFiction.
650 0 _aBentz, Rick (Fictitious character)
_vFiction.
651 0 _aLos Angeles (Calif.)
_vFiction.
651 0 _aNew Orleans (La.)
_vFiction.
655 7 _aMystery fiction.
_2gsafd
942 _2lcc
_cGEN
999 _c12588
_d12588